000 01895cam a22004694i 4500
003 PE-LiUPU
005 20250731172920.0
008 150623s r 000 0 d
020 _a0385133685
035 _a(Sirsi) i9780385133685
040 _aPE-LiUPU
_bspa
_cPE-LiUPU
_erda
049 _aPRUA
100 1 _aDulles, Avery Robert,
_d1918-,
_eautor.
245 1 0 _aModels of the church.
264 1 _aNew York :
_bImage books doubleday,
_c1987.
300 _a256 páginas ;
_c21 centímetros
336 _atext
_2rdacontent
337 _aunmediated
_2rdamedia
338 _avolume
_2rdacarrier
505 0 _aThe use of models in ecclesiology. -The church as mystical communion. -The church as herald. -The church as servant. -The church and eschatology. -The true church. -The church and the churches. -Ecclesiology and ministry. -The church and revelation. -The evaluation of models.
526 _aSEG42
526 _aSEG41
526 _aSEG40
526 _aSEG39
526 _aP94
526 _aP87
526 _aP86
526 _aP85
526 _aP77
526 _aP76
526 _aP35
650 0 4 _aIGLESIA CATOLICA
_xESTUDIO.
942 _2ddc
_cBOOK
949 _a282.07 D97
_wDEWEY
_c1
_i40559
_lCCODEBUL1
_mBUL
_r0
_sY
_tBOOK
_u2015-6-24
_xTEOLOGIA
_zUNKNOWN
_0COMPRA
_o.STAFF. Colección General
949 _a282.07 D97
_wDEWEY
_c2
_i43719
_lCCODEBUL1
_mBUL
_r0
_sY
_tBOOK
_u2015-6-24
_xTEOLOGIA
_PP35
_0COMPRA
_o.STAFF. Colección General
994 _aC0
_bPEPRU
596 _a1
999 _a282.07 D97
_wDEWEY
_c20122
_i40559
_f2021-11-11
_g5
_lCCODEBUL1
_mBUL
_r0
_sY
_tBOOK
_u2015-6-24
_xTEOLOGIA
_zUNKNOWN
_0COMPRA
_o.STAFF. Colección General
_d20122
999 _a282.07 D97
_wDEWEY
_c2
_i43719
_f2021-11-11
_g5
_lCCODEBUL1
_mBUL
_r0
_sY
_tBOOK
_u2015-6-24
_xTEOLOGIA
_PP35
_0COMPRA
_o.STAFF. Colección General
980 _81
_gALBERTO SANCHEZ Responsable de Automatización